000 00847nam a22002657a 4500
001 7053
003 FISKH
005 20250619134018.0
008 250619b cb ||||| |||| 00| 0 eng d
020 _a9780152020958
040 _aFISKH
_beng
_cFISKH
_dFISKH
050 _aPZ7.E3225 S
082 _a813
100 _aEhlert, Lois
245 _aSnowballs /
_cLois Ehlert
260 _aNew York :
_bHoughton Mifflin,
_c1995.
300 _a36 unnnumbered pages :
_bcolor illustrations ;
_c26 x 28 cm
505 _aG
520 _aSome children create a family out of snow. Includes labeled pictures of all the items they use, as well as information about how snow is formed.
521 8 _a390
_bLexile
521 8 _aG
_bRaz-Plus
650 _aPicture book
_vSnow family
_xSeasons
_ySnowman
942 _2ddc
_cBK
_n0
999 _c7053
_d7053